000 00246nam a22000977a 4500
008 160506b xxu||||| |||| 00| 0 eng d
041 _aeng
080 _a61
245 _aTextbook of medice:
_cPaul B.Beeson M.D; Walsh MeDermott M.D;
942 _2udc
_cBK
999 _c1874
_d1874